000 01099nam a22003371 4500
001 01107648
003 DO-SdBNP
005 20240614113722.0
007 01107648
008 920725s2015 pr spa
017 _a
_b
020 _a9780847715527
035 _a
040 _aBPMSU
_bspa
_cBPMSU
082 4 _aPR863.5
_bR621t 2015
_222
100 1 _aRivera Lassén, Carmen Leonor
245 1 4 _aLos tres reyes magos (a caballo )/
_cCarmen Leonor Rivera Lassén y Víctor Maldonado Dávila ; ilustraciones Mrinali Álvarez Astacio
_b
_h
260 _aColombia :
_bUniversidad de Puerto Rico,
_c2015
300 _a26 p. :
_bil,. ;
_c21 cm
490 0 _aNueve pecesitos;
_aSerie raíces
500 _a
590 _aInventariado, 2025/VM
650 4 _aCuentos infantiles puertorriqueños
_v
_2
650 4 _aLibros ilustrados infantiles
700 1 _a Maldonado Dávila, Víctor
_eautor
_d
700 1 _aÁlvarez Astacio, Mrinali
_eilustración
_d
710 2 _aUniversidad de Puerto Rico
900 _6
910 _aVMateo V. Control de calidad. BPMSU
942 _2ddc
_cBK
999 _c14671
_d14671